[Event "SLO-chT NML 31st"]
[Site "Ptuj/Grosuplje"]
[Date "2021.10.22"]
[Round "7.3"]
[White "Buzeti, Jernej"]
[Black "Turek, Lan Timotej"]
[Result "1-0"]
[WhiteElo "2257"]
[BlackElo "2031"]
[PlyCount "37"]
[EventDate "2021.10.08"]
[EventType "team-tourn"]
[EventRounds "9"]
[EventCountry "SLO"]
[SourceTitle "EXT 2024"]
[Source "ChessBase"]
[SourceDate "2023.10.10"]
[SourceVersion "1"]
[SourceVersionDate "2023.10.10"]
[SourceQuality "1"]
[WhiteTeam "Maribor Poligram"]
[BlackTeam "Domzale"]
[WhiteTeamCountry "SLO"]
[BlackTeamCountry "SLO"]

1. e4 d6 2. d4 e5 3. Nf3 exd4 4. Nxd4 Nf6 5. Nc3 Be7 6. Bf4 0-0 7. Qd2 a6 8. 0-0-0 b5 9. f3 d5 10. Nb3 dxe4 11. Qe1 Qe8 12. Nxe4 Qc6 13. Nxf6+ Bxf6 14. Bd3 Bb7 15. Na5 Qb6 16. Be3 c5 17. Nxb7 Qxb7 18. Bxc5 Rd8 19. Qe4 1-0

[Event "SLO-chT Central 21st"]
[Site "Slovenia"]
[Date "2020.10.08"]
[Round "4.2"]
[White "Turek, Lan Timotej"]
[Black "Perme, Martin"]
[Result "1/2-1/2"]
[WhiteElo "2026"]
[BlackElo "1534"]
[PlyCount "41"]
[EventDate "2020.09.17"]
[EventType "team-swiss"]
[EventRounds "5"]
[EventCountry "SLO"]
[SourceTitle "EXT 2024"]
[Source "ChessBase"]
[SourceDate "2023.10.10"]
[SourceVersion "1"]
[SourceVersionDate "2023.10.10"]
[SourceQuality "1"]
[WhiteTeam "Domzale SD"]
[BlackTeam "Komenda Pogi"]
[WhiteTeamCountry "SLO"]
[BlackTeamCountry "SLO"]

1. Nf3 c5 2. e4 d6 3. d3 g6 4. g3 Bg7 5. Bg2 Nc6 6. 0-0 Nf6 7. Re1 e5 8. c3 Bg4 9. h3 Bxf3 10. Bxf3 Qd7 11. Kg2 0-0 12. Be3 Ne8 13. g4 Nc7 14. g5 f5 15. gxf6 Bxf6 16. Bg4 Qf7 17. Qb3 Qxb3 18. axb3 h5 19. Be2 Bh4 20. Nd2 Ne6 21. Nf3 1/2-1/2

[Event "Nova Gorica op 24th"]
[Site "Nova Gorica"]
[Date "2019.01.31"]
[Round "9"]
[White "Paternoster, Janez"]
[Black "Turek, Lan Timotej"]
[Result "1/2-1/2"]
[WhiteElo "1738"]
[BlackElo "2030"]
[PlyCount "40"]
[EventDate "2019.01.25"]
[EventType "swiss"]
[EventRounds "9"]
[EventCountry "SLO"]
[SourceTitle "CBM 188 Extra"]
[Source "ChessBase"]
[SourceDate "2019.02.28"]
[SourceVersion "1"]
[SourceVersionDate "2019.02.28"]
[SourceQuality "1"]

1. d4 f5 2. c4 g6 3. Nc3 Nf6 4. g3 Bg7 5. Bg2 0-0 6. e3 e6 7. Nge2 d6 8. 0-0 e5 9. Qb3 e4 10. Nf4 c6 11. f3 Qe7 12. d5 g5 13. Nfe2 c5 14. f4 g4 15. Qc2 h5 16. a3 h4 17. Re1 Kf7 18. Bd2 Rh8 19. Kf2 Bd7 20. b4 Rc8 1/2-1/2

[Event "Nova Gorica op 24th"]
[Site "Nova Gorica"]
[Date "2019.01.26"]
[Round "2"]
[White "Marn, Jan"]
[Black "Turek, Lan Timotej"]
[Result "1-0"]
[WhiteElo "2200"]
[BlackElo "2030"]
[PlyCount "90"]
[EventDate "2019.01.25"]
[EventType "swiss"]
[EventRounds "9"]
[EventCountry "SLO"]
[SourceTitle "CBM 188 Extra"]
[Source "ChessBase"]
[SourceDate "2019.02.28"]
[SourceVersion "1"]
[SourceVersionDate "2019.02.28"]
[SourceQuality "1"]

1. d4 Nf6 2. c4 d6 3. Nc3 g6 4. e4 Bg7 5. Be2 Nbd7 6. Nf3 0-0 7. 0-0 e5 8. d5 Ne8 9. b4 f5 10. Ng5 Ndf6 11. c5 Qe7 12. Qb3 f4 13. Ba3 h6 14. Ne6 Rf7 15. f3 Bf8 16. cxd6 cxd6 17. Rac1 Nh7 18. Nb5 Bxe6 19. dxe6 Rg7 20. Rfd1 Kh8 21. Bc4 g5 22. Nc3 g4 23. Nd5 Qh4 24. Kh1 Ng5 25. Bf1 gxf3 26. gxf3 Nxe6 27. Rd2 Nd4 28. Qd3 Be7 29. Bb2 Ne6 30. Bg2 Bd8 31. Qb5 N8c7 32. Nxc7 Bxc7 33. Qxb7 Rag8 34. Qd5 Ng5 35. Rf1 Bb6 36. Rdd1 Nh3 37. Qxd6 Nf2+ 38. Rxf2 Bxf2 39. Bxe5 Kh7 40. Bxg7 Rxg7 41. Qe6 Bd4 42. Bh3 Qf2 43. Qf5+ Kg8 44. Bg4 Qe2 45. Qd5+ Kh7 1-0

[Event "Ljubljana-chT 72nd Superliga"]
[Site "Ljubljana"]
[Date "2019.01.17"]
[Round "2.2"]
[White "Furlan, Miha"]
[Black "Turek, Lan Timotej"]
[Result "1-0"]
[WhiteElo "2329"]
[BlackElo "2030"]
[PlyCount "61"]
[EventDate "2019.01.10"]
[EventType "team-tourn"]
[EventRounds "7"]
[EventCountry "SLO"]
[SourceTitle "EXT 2024"]
[Source "ChessBase"]
[SourceDate "2023.10.10"]
[SourceVersion "1"]
[SourceVersionDate "2023.10.10"]
[SourceQuality "1"]
[WhiteTeam "Mentor"]
[BlackTeam "Domzale Tajfun"]
[WhiteTeamCountry "SLO"]
[BlackTeamCountry "SLO"]

1. e4 d6 2. d4 Nf6 3. Nc3 g6 4. Be3 a6 5. h3 b5 6. e5 Nfd7 7. Qf3 Ra7 8. Qg3 Bg7 9. f4 Nb6 10. Bd3 e6 11. Nf3 d5 12. h4 Nc6 13. h5 Nb4 14. hxg6 Nxd3+ 15. cxd3 hxg6 16. Rxh8+ Bxh8 17. Qh3 Bg7 18. Qh7 Kf8 19. Bf2 Qe7 20. Bh4 Qb4 21. 0-0-0 Nd7 22. Kb1 c5 23. Be1 Nb6 24. Nxd5 Nxd5 25. Bxb4 cxb4 26. Rc1 Bd7 27. Ng5 a5 28. Qh4 a4 29. Ne4 Ra8 30. Nf6 Be8 31. Nxd5 1-0

[Event "SLO-chT1 West"]
[Site "Slovenia"]
[Date "2018.09.29"]
[Round "2.6"]
[White "Brcar, Matej"]
[Black "Turek, Lan Timotej"]
[Result "0-1"]
[WhiteElo "1903"]
[BlackElo "2000"]
[PlyCount "116"]
[EventDate "2018.09.28"]
[EventType "team-tourn"]
[EventRounds "9"]
[EventCountry "SLO"]
[SourceTitle "CBM 187 Extra"]
[Source "ChessBase"]
[SourceDate "2018.11.04"]
[SourceVersion "1"]
[SourceVersionDate "2018.11.04"]
[SourceQuality "1"]
[WhiteTeam "Trebnje BMP"]
[BlackTeam "Domzale Tajfun"]
[WhiteTeamCountry "SLO"]
[BlackTeamCountry "SLO"]

1. e4 d6 2. d4 Nf6 3. Nc3 g6 4. Be3 c6 5. Nf3 Qa5 6. Qd2 Bg4 7. Be2 Nbd7 8. h3 Bxf3 9. Bxf3 Bg7 10. g4 h6 11. 0-0-0 0-0-0 12. Kb1 Kb8 13. Ne2 Qxd2 14. Rxd2 Nb6 15. b3 Nfd7 16. c4 c5 17. dxc5 Nxc5 18. Rhd1 Rc8 19. Bxc5 Rxc5 20. Nf4 Bf6 21. Nd3 Rc7 22. Be2 g5 23. Rf1 Nd7 24. f4 gxf4 25. Nxf4 Bg5 26. Rdd1 Bxf4 27. Rxf4 Ne5 28. Rf5 Rcc8 29. Rff1 b6 30. Kb2 a5 31. a4 Kc7 32. Kc3 Kc6 33. b4 axb4+ 34. Kxb4 Ra8 35. Ra1 Ra5 36. Rf5 f6 37. Rff1 Rha8 38. Rfd1 Kd7 39. Rd5 Nc6+ 40. Kc3 Ke6 41. Bd1 Ne5 42. Rb1 Rc8 43. Bb3 Kd7 44. Rxa5 bxa5 45. Ba2 h5 46. Rb7+ Kc6 47. Rxe7 hxg4 48. hxg4 Rh8 49. Rg7 Rh3+ 50. Kc2 Re3 51. g5 fxg5 52. Rxg5 Re2+ 53. Kb3 Rxe4 54. Rg8 Re3+ 55. Kc2 Kc5 56. Rb8 Re2+ 57. Kb3 Kd4 58. c5 Nc4 0-1

[Event "Ljubljana-chT 71st"]
[Site "Ljubljana"]
[Date "2018.01.26"]
[Round "3.3"]
[White "Juhant, Igor"]
[Black "Turek, Lan Timotej"]
[Result "1/2-1/2"]
[WhiteElo "1971"]
[BlackElo "1978"]
[PlyCount "69"]
[EventDate "2018.01.11"]
[EventType "team-tourn"]
[EventRounds "9"]
[EventCountry "SLO"]
[SourceTitle "EXT 2020"]
[Source "ChessBase"]
[SourceDate "2019.10.17"]
[SourceVersion "1"]
[SourceVersionDate "2019.10.17"]
[SourceQuality "1"]
[WhiteTeam "Komenda Popotnik"]
[BlackTeam "Domzale SD"]
[WhiteTeamCountry "SLO"]
[BlackTeamCountry "SLO"]

1. e4 d6 2. d4 Nf6 3. Nc3 g6 4. Nf3 Bg7 5. Be2 0-0 6. 0-0 e5 7. Bg5 h6 8. Bxf6 Qxf6 9. d5 Qe7 10. Ne1 f5 11. f3 f4 12. Na4 Rf7 13. c4 Bf6 14. Nd3 Bh4 15. Nf2 Qg5 16. c5 Qh5 17. Rc1 Bg3 18. h3 Na6 19. cxd6 cxd6 20. Nc3 Qg5 21. Nb5 Qd8 22. Qd2 h5 23. Rc3 Nc7 24. Rfc1 Nxb5 25. Bxb5 Bd7 26. Bf1 Rc8 27. Rxc8 Bxc8 28. Qc3 Bxf2+ 29. Kxf2 Qb6+ 30. Ke1 Bd7 31. b3 a6 32. Rc2 Qg1 33. Qd2 Qb6 34. Qc3 Qg1 35. Qd2 1/2-1/2

[Event "Ljubljana-chT 71st"]
[Site "Ljubljana"]
[Date "2018.01.11"]
[Round "1.3"]
[White "Bratko, Ivan"]
[Black "Turek, Lan Timotej"]
[Result "0-1"]
[WhiteElo "2164"]
[BlackElo "1978"]
[PlyCount "48"]
[EventDate "2018.01.11"]
[EventType "team-tourn"]
[EventRounds "9"]
[EventCountry "SLO"]
[SourceTitle "EXT 2020"]
[Source "ChessBase"]
[SourceDate "2019.10.17"]
[SourceVersion "1"]
[SourceVersionDate "2019.10.17"]
[SourceQuality "1"]
[WhiteTeam "Mentor"]
[BlackTeam "Domzale SD"]
[WhiteTeamCountry "SLO"]
[BlackTeamCountry "SLO"]

1. e4 d6 2. d4 Nf6 3. Nc3 Nbd7 4. Nf3 e5 5. Be2 Be7 6. 0-0 0-0 7. Re1 c6 8. a4 a5 9. h3 Qc7 10. Be3 Re8 11. Bc4 Bf8 12. Bb3 g6 13. Ng5 Re7 14. Qd2 Bg7 15. Rad1 Ne8 16. dxe5 dxe5 17. Qd3 h6 18. Nxf7 Rxf7 19. Qc4 Nf8 20. Bb6 Be6 21. Bxc7 Bxc4 22. Bxc4 Nxc7 23. Bxf7+ Kxf7 24. Rd7+ Nxd7 0-1

[Event "Ljubljana-chT 70th"]
[Site "Ljubljana"]
[Date "2017.03.16"]
[Round "8.4"]
[White "Turek, Lan Timotej"]
[Black "Miceli, Dario Edgardo"]
[Result "1-0"]
[WhiteElo "1979"]
[BlackElo "1647"]
[PlyCount "61"]
[EventDate "2017.01.12"]
[EventType "team-tourn"]
[EventRounds "9"]
[EventCountry "SLO"]
[SourceTitle "EXT 2019"]
[Source "ChessBase"]
[SourceDate "2018.10.10"]
[SourceVersion "1"]
[SourceVersionDate "2018.10.10"]
[SourceQuality "1"]
[WhiteTeam "Domzale"]
[BlackTeam "Visnja Gora Sticna"]
[WhiteTeamCountry "SLO"]
[BlackTeamCountry "SLO"]

1. e4 c5 2. Nc3 Nc6 3. f4 d6 4. Nf3 g6 5. Bc4 e6 6. 0-0 Bg7 7. d3 Nge7 8. Qe1 a6 9. a4 0-0 10. Qh4 d5 11. Ba2 Nb4 12. Bb3 Nec6 13. Qxd8 Rxd8 14. a5 Nd4 15. Nxd4 cxd4 16. Na4 dxe4 17. Nb6 Rb8 18. dxe4 Bd7 19. Bd2 Bf8 20. f5 exf5 21. Bf4 Rbc8 22. Nxc8 Rxc8 23. Rac1 Bg7 24. Bd2 Nc6 25. Bd5 Be6 26. c4 Rc7 27. b4 Ne5 28. exf5 Bxf5 29. Bf4 Kf8 30. Rce1 f6 31. Bxe5 1-0

[Event "Ljubljana-chT 70th"]
[Site "Ljubljana"]
[Date "2017.01.12"]
[Round "1.2"]
[White "Rojs, Igor"]
[Black "Turek, Lan Timotej"]
[Result "1/2-1/2"]
[WhiteElo "1991"]
[BlackElo "1979"]
[PlyCount "43"]
[EventDate "2017.01.12"]
[EventType "team-tourn"]
[EventRounds "9"]
[EventCountry "SLO"]
[SourceTitle "EXT 2019"]
[Source "ChessBase"]
[SourceDate "2018.10.10"]
[SourceVersion "1"]
[SourceVersionDate "2018.10.10"]
[SourceQuality "1"]
[WhiteTeam "Trzin Buscotrade"]
[BlackTeam "Domzale"]
[WhiteTeamCountry "SLO"]
[BlackTeamCountry "SLO"]

1. d4 d5 2. Nf3 Nf6 3. c4 e6 4. e3 c6 5. Bd3 Be7 6. 0-0 0-0 7. Ne5 Nbd7 8. f4 Ne4 9. Nc3 f5 10. Rf3 Nxe5 11. fxe5 g5 12. Bxe4 fxe4 13. Rxf8+ Qxf8 14. Bd2 Bd7 15. Qg4 Qe8 16. Rf1 Qg6 17. Ne2 Rf8 18. Rxf8+ Kxf8 19. a3 h5 20. Nf4 Qf5 21. Qxf5+ exf5 22. Nxh5 1/2-1/2

[Event "Ljubljana-chT 69th Superliga"]
[Site "Ljubljana"]
[Date "2016.04.15"]
[Round "9.3"]
[White "Praznik, Anton"]
[Black "Turek, Lan Timotej"]
[Result "1-0"]
[WhiteElo "2141"]
[BlackElo "1987"]
[PlyCount "93"]
[EventDate "2016.01.14"]
[EventType "team-tourn"]
[EventRounds "9"]
[EventCountry "SLO"]
[SourceTitle "EXT 2022"]
[Source "ChessBase"]
[SourceDate "2021.10.06"]
[SourceVersion "1"]
[SourceVersionDate "2021.10.06"]
[SourceQuality "1"]
[WhiteTeam "Vrhnika"]
[BlackTeam "Domzale SD"]
[WhiteTeamCountry "SLO"]
[BlackTeamCountry "SLO"]

1. e4 e5 2. Nf3 Nc6 3. Bb5 a6 4. Ba4 Nf6 5. 0-0 b5 6. Bb3 Be7 7. Re1 0-0 8. a4 Bb7 9. d3 d6 10. Nc3 Na5 11. Ba2 b4 12. Ne2 Rb8 13. Ng3 c5 14. Nf5 b3 15. cxb3 Nc6 16. b4 Nxb4 17. Bc4 Bc8 18. Nxe7+ Qxe7 19. Bd2 a5 20. h3 Ne8 21. Bg5 Qa7 22. Nh4 Nc6 23. Rb1 Nd4 24. f4 Be6 25. f5 Bxc4 26. dxc4 f6 27. Be3 Rf7 28. Bd2 Nc7 29. Re3 Na8 30. g4 Rfb7 31. b3 Nb6 32. Rc1 Nc8 33. Rcc3 Ne7 34. Rg3 Nec6 35. Kh2 Rb4 36. Rcd3 R4b6 37. g5 fxg5 38. Bxg5 Nb4 39. Rc3 Na2 40. Rce3 R8b7 41. Qh5 Qb8 42. Bh6 Rxb3 43. Rxb3 Nxb3 44. f6 Nd4 45. Bxg7 Rb2+ 46. Ng2 Rf2 47. f7+ 1-0

[Event "Ljubljana-chT 69th Superliga"]
[Site "Ljubljana"]
[Date "2016.03.10"]
[Round "6.3"]
[White "Turek, Lan Timotej"]
[Black "Abe, Aljaz"]
[Result "1-0"]
[WhiteElo "1987"]
[BlackElo "1746"]
[PlyCount "37"]
[EventDate "2016.01.14"]
[EventType "team-tourn"]
[EventRounds "9"]
[EventCountry "SLO"]
[SourceTitle "EXT 2022"]
[Source "ChessBase"]
[SourceDate "2021.10.06"]
[SourceVersion "1"]
[SourceVersionDate "2021.10.06"]
[SourceQuality "1"]
[WhiteTeam "Domzale SD"]
[BlackTeam "Loka pri Mengsu"]
[WhiteTeamCountry "SLO"]
[BlackTeamCountry "SLO"]

1. e4 e6 2. f4 b6 3. Nf3 Bb7 4. d3 Nc6 5. Be2 Nge7 6. 0-0 f5 7. e5 Ng6 8. Be3 d5 9. Ng5 Qd7 10. Bh5 0-0-0 11. Bxg6 hxg6 12. d4 Rh7 13. Nxh7 Nxd4 14. Nxf8 Rxf8 15. Bxd4 c5 16. Bf2 d4 17. Nd2 g5 18. fxg5 f4 19. Nf3 1-0

[Event "SLO-chT1 West"]
[Site "Ljubljana"]
[Date "2014.10.05"]
[Round "3"]
[White "Janzelj, Lara"]
[Black "Turek, Lan Timotej"]
[Result "0-1"]
[WhiteElo "1920"]
[BlackElo "1940"]
[PlyCount "92"]
[EventDate "2014.10.03"]
[EventType "team-tourn"]
[EventRounds "9"]
[EventCountry "SLO"]
[SourceTitle "EXT 2019"]
[Source "ChessBase"]
[SourceDate "2018.10.10"]
[SourceVersion "1"]
[SourceVersionDate "2018.10.10"]
[SourceQuality "1"]
[WhiteTeam "Ig"]
[BlackTeam "Domzale"]
[WhiteTeamCountry "SLO"]
[BlackTeamCountry "SLO"]

1. d4 c5 2. d5 e5 3. c4 f5 4. e4 d6 5. Nc3 Nf6 6. Bd3 f4 7. Nf3 Bg4 8. Qb3 Qd7 9. Be2 Bxf3 10. Bxf3 g5 11. h3 h5 12. Bd2 Rh7 13. Bd1 Na6 14. Qa4 Qxa4 15. Bxa4+ Ke7 16. Ke2 Bh6 17. f3 g4 18. Rag1 Rg8 19. Nb5 gxf3+ 20. gxf3 Rhg7 21. Rxg7+ Rxg7 22. Rh2 Rg1 23. Nxa7 Bf8 24. Be1 Kf7 25. Kf2 Rg3 26. a3 Nb8 27. Ba5 Ne8 28. b4 Nf6 29. Nb5 Na6 30. Nc3 cxb4 31. Bxb4 Nc5 32. Bxc5 dxc5 33. Nb5 Ne8 34. Nc3 Nd6 35. Bb3 Be7 36. h4 Bd8 37. Ne2 Nxe4+ 38. Ke1 Rxf3 39. Bc2 Ba5+ 40. Nc3 Bxc3+ 41. Kd1 Rf1+ 42. Ke2 Re1+ 43. Kf3 Re3+ 44. Kg2 Re2+ 45. Kh3 Nf2+ 46. Kg2 Ng4+ 0-1

[Event "Ljubljana-chT 67th Superliga"]
[Site "Ljubljana"]
[Date "2014.03.20"]
[Round "8.4"]
[White "Turek, Lan Timotej"]
[Black "Ivanusa, Blaz"]
[Result "0-1"]
[WhiteElo "1953"]
[BlackElo "2079"]
[PlyCount "68"]
[EventDate "2014.01.09"]
[EventType "team-tourn"]
[EventRounds "9"]
[EventCountry "SLO"]
[SourceTitle "EXT 2022"]
[Source "ChessBase"]
[SourceDate "2021.10.06"]
[SourceVersion "1"]
[SourceVersionDate "2021.10.06"]
[SourceQuality "1"]
[WhiteTeam "Domzale SD"]
[BlackTeam "Klinicni Center"]
[WhiteTeamCountry "SLO"]
[BlackTeamCountry "SLO"]

1. e4 e6 2. d4 d5 3. e5 c5 4. c3 Qb6 5. Nf3 Nc6 6. Be2 f6 7. exf6 Nxf6 8. 0-0 Bd6 9. dxc5 Bxc5 10. b4 Bd6 11. a4 0-0 12. b5 Na5 13. Ba3 e5 14. c4 e4 15. Nd4 dxc4 16. Bxd6 Qxd6 17. Na3 Be6 18. Nxe6 Qxe6 19. Rc1 Rac8 20. Qe1 b6 21. Qc3 Nd5 22. Qg3 Nf4 23. Qg4 Qf7 24. Rc2 c3 25. Nb1 h5 26. Qg3 Nxe2+ 27. Rxe2 c2 28. Nc3 Qb3 29. Re3 Nc4 30. Nd5 Nxe3 31. Ne7+ Kh8 32. Ng6+ Kh7 33. Qg5 Ng4 34. Qxh5+ Nh6 0-1

[Event "SLO-CupT"]
[Site "Slovenia"]
[Date "2010.12.12"]
[Round "5.4"]
[White "Srebrnic, Vojko"]
[Black "Turek, Lan Timotej"]
[Result "1-0"]
[WhiteElo "2211"]
[BlackElo "1956"]
[PlyCount "71"]
[EventDate "2010.05.09"]
[EventType "team-swiss"]
[EventRounds "5"]
[EventCountry "SLO"]
[SourceTitle "EXT 2024"]
[Source "ChessBase"]
[SourceDate "2023.10.10"]
[SourceVersion "1"]
[SourceVersionDate "2023.10.10"]
[SourceQuality "1"]
[WhiteTeam "Nova Gorica"]
[BlackTeam "Domzale"]
[WhiteTeamCountry "SLO"]
[BlackTeamCountry "SLO"]

1. e4 e5 2. Bc4 Nf6 3. d3 d5 4. exd5 Bg4 5. Nf3 Bd6 6. Bg5 h6 7. Bxf6 Qxf6 8. Nbd2 Nd7 9. h3 Bh5 10. Ne4 Qf4 11. Qd2 Bxf3 12. Qxf4 exf4 13. gxf3 Ne5 14. Nd2 0-0-0 15. Kf1 g5 16. Bb3 f5 17. Re1 Rde8 18. d4 Ng6 19. c3 Nh4 20. Rg1 b5 21. Re6 Kd7 22. Ke2 c6 23. dxc6+ Kxc6 24. Kd3 Rxe6 25. Bxe6 Re8 26. Bb3 Bc7 27. a4 a6 28. axb5+ axb5 29. Ra1 Ng2 30. c4 Ne1+ 31. Kc3 Re2 32. cxb5+ Kd7 33. Ra7 Kc8 34. Bd5 h5 35. Nc4 Rc2+ 36. Kb3 1-0

[Event "SLO-ch U20"]
[Site "Pohorje"]
[Date "2010.06.29"]
[Round "7"]
[White "Turek, Lan Timotej"]
[Black "Kralj, Samo"]
[Result "1-0"]
[WhiteElo "1939"]
[BlackElo "1902"]
[PlyCount "155"]
[EventDate "2010.06.25"]
[EventType "swiss"]
[EventRounds "7"]
[EventCountry "SLO"]
[SourceTitle "CBM 137 Extra"]
[Source "ChessBase"]
[SourceDate "2010.09.01"]
[SourceVersion "1"]
[SourceVersionDate "2010.09.01"]
[SourceQuality "1"]

1. e4 c5 2. c3 Nc6 3. f4 e5 4. Nf3 d6 5. Bb5 Bd7 6. d3 Nge7 7. 0-0 a6 8. Bxc6 Nxc6 9. fxe5 Nxe5 10. Nxe5 dxe5 11. Qb3 c4 12. Qxc4 Be6 13. Qa4+ b5 14. Qc2 Bc5+ 15. Kh1 0-0 16. Qe2 Qd7 17. Nd2 Rad8 18. Nf3 f6 19. Rd1 b4 20. d4 bxc3 21. bxc3 exd4 22. cxd4 Be7 23. Qxa6 Ra8 24. Qe2 Bb3 25. Re1 Qa4 26. Bf4 Bc4 27. Qf2 Bb4 28. Bd2 Ba3 29. Bc3 Rfc8 30. Qd2 Bb5 31. Kg1 Rc7 32. Re3 Rac8 33. Ne1 Be8 34. Rb1 Rxc3 35. Rxc3 Bb4 36. Rxb4 Qxb4 37. Rc2 Qb7 38. Rxc8 Qxc8 39. Qc2 Qd7 40. Qb3+ Bf7 41. Qb8+ Be8 42. Nf3 h6 43. d5 Kh7 44. Qb3 Bg6 45. Qc4 Qa7+ 46. Kh1 Qe3 47. Qd4 Qc1+ 48. Qg1 Qc7 49. Qe1 Qc4 50. d6 Qc6 51. Qd1 Qd7 52. Qd4 Bf7 53. a4 Be8 54. a5 Qb5 55. a6 Qxa6 56. d7 Qf1+ 57. Ng1 Bxd7 58. Qxd7 Qc1 59. Qf5+ Kh8 60. h3 Kg8 61. Qg6 Kh8 62. Qg4 Kh7 63. Kh2 Qc7+ 64. Qg3 Qe7 65. Qf4 Qb7 66. Nf3 Qe7 67. Nh4 Qb7 68. Nf5 Qf7 69. Qd6 Qe8 70. Qc7 Qf8 71. g4 Qg8 72. Qxg7+ Qxg7 73. Nxg7 Kxg7 74. Kg3 Kf7 75. Kf4 Ke6 76. h4 Ke7 77. Kf5 Kf7 78. h5 1-0

[Event "SLO-ch U20"]
[Site "Pohorje"]
[Date "2010.06.25"]
[Round "1"]
[White "Turek, Lan Timotej"]
[Black "Pregelj, Maj"]
[Result "1-0"]
[WhiteElo "1939"]
[BlackElo "1708"]
[PlyCount "97"]
[EventDate "2010.06.25"]
[EventType "swiss"]
[EventRounds "7"]
[EventCountry "SLO"]
[SourceTitle "CBM 137 Extra"]
[Source "ChessBase"]
[SourceDate "2010.09.01"]
[SourceVersion "1"]
[SourceVersionDate "2010.09.01"]
[SourceQuality "1"]

1. e4 e5 2. Nf3 Nc6 3. Bc4 Nf6 4. d3 Be7 5. 0-0 0-0 6. Re1 d6 7. c3 Be6 8. Nbd2 Na5 9. Bb5 Nd7 10. d4 c6 11. Bd3 b5 12. Nf1 Qc7 13. Ne3 Nb6 14. d5 cxd5 15. Nxd5 Nxd5 16. exd5 Bxd5 17. Bxh7+ Kxh7 18. Qxd5 Qc4 19. Qd1 Rh8 20. Bg5 f6 21. Qc2+ Kg8 22. b3 Qf7 23. Bd2 Nb7 24. a4 bxa4 25. b4 Qh5 26. Rxa4 g5 27. Qf5 Kg7 28. h3 Kf7 29. Nxg5+ Kg8 30. Qe6+ Kf8 31. Ne4 Qg6 32. Ng3 Ke8 33. Qd5 Rb8 34. Rxa7 Nd8 35. Ne4 f5 36. Ng3 Rg8 37. Qd3 Nc6 38. Rc7 e4 39. Qe2 Ne5 40. Kf1 Kd8 41. Ra7 Nd3 42. Rea1 Bh4 43. Ra8 Kc8 44. Rxb8+ Kxb8 45. Qe3 Bxg3 46. Qb6+ Kc8 47. Qc6+ Kd8 48. Ra7 Qe6 49. Qc7+ 1-0

[Event "Ljubljana-chT 63rd Superliga"]
[Site "Ljubljana"]
[Date "2010.02.25"]
[Round "6.4"]
[White "Nadvesnik, Vilma"]
[Black "Turek, Lan Timotej"]
[Result "0-1"]
[WhiteElo "1912"]
[BlackElo "1939"]
[PlyCount "82"]
[EventDate "2010.01.07"]
[EventType "team-tourn"]
[EventRounds "9"]
[EventCountry "SLO"]
[SourceTitle "EXT 2022"]
[Source "ChessBase"]
[SourceDate "2021.10.06"]
[SourceVersion "1"]
[SourceVersionDate "2021.10.06"]
[SourceQuality "1"]
[WhiteTeam "Komenda Utrdba"]
[BlackTeam "Domzale SD"]
[WhiteTeamCountry "SLO"]
[BlackTeamCountry "SLO"]

1. e4 e5 2. Nf3 Nc6 3. Bb5 a6 4. Ba4 Nf6 5. 0-0 Be7 6. Re1 b5 7. Bb3 0-0 8. h3 d6 9. c3 Na5 10. d4 Nd7 11. Bc2 c5 12. b4 cxb4 13. cxb4 Nc6 14. a3 exd4 15. Nbd2 Bf6 16. Rb1 Nde5 17. Bb2 Qb6 18. Bb3 Nd3 19. Rf1 Nxb2 20. Rxb2 Re8 21. Re1 Ne5 22. Bd5 Nd3 23. Bxa8 Nxb2 24. Qb3 Be6 25. Bd5 Bxd5 26. Qxd5 Nd3 27. Rd1 g6 28. g3 Rc8 29. Nb3 Rc3 30. Kg2 Nb2 31. Rc1 Nc4 32. Rb1 Rc2 33. Kg1 Rc3 34. Nfxd4 Rd3 35. Qa8+ Kg7 36. Ne2 Rf3 37. e5 Qxf2+ 38. Kh1 Bxe5 39. Nbd4 Re3 40. Qg2 Qxg2+ 41. Kxg2 Re4 0-1